Theory and Applications of Digital Signal Processing (Record no. 5009)

MARC details
000 -LEADER
fixed length control field 00371nam a2200145Ia 4500
008 - FIXED-LENGTH DATA ELEMENTS--GENERAL INFORMATION
fixed length control field 191201s2011 xx 000 0 und d
082 ## - DEWEY DECIMAL CLASSIFICATION NUMBER
Classification number 621.3822
Item number RAT
100 ## - MAIN ENTRY--PERSONAL NAME
Personal name RABINER, larvrence R
245 #0 - TITLE STATEMENT
Title Theory and Applications of Digital Signal Processing
250 ## - EDITION STATEMENT
Edition statement Rep
260 ## - PUBLICATION, DISTRIBUTION, ETC. (IMPRINT)
Place of publication, distribution, etc N. Delhi
Name of publisher, distributor, etc PHI
Date of publication, distribution, etc 2011
300 ## - PHYSICAL DESCRIPTION
Extent 762
650 ## - SUBJECT ADDED ENTRY--TOPICAL TERM
Topical term or geographic name as entry element M.Tech (ECE)
942 ## - ADDED ENTRY ELEMENTS (KOHA)
Source of classification or shelving scheme Dewey Decimal Classification
Koha item type Text Books
Holdings
Withdrawn status Lost status Source of classification or shelving scheme Damaged status Not for loan Collection code Home library Current library Date acquired Source of acquisition Cost, normal purchase price Bill Number Total Checkouts Full call number Acc. no. / Barcode Date last seen Bill Date Koha item type
    Dewey Decimal Classification     B.Tech(ECE) PIET C-LIBRARY PIET C-LIBRARY 29/08/2011 The book company 295.00 IN-1245   621.3822 RAT 18270 04/12/2019 22/08/2011 Text Books
    Dewey Decimal Classification     B.Tech(ECE) PIET C-LIBRARY PIET C-LIBRARY 29/08/2011 The book company 295.00 IN-1245   621.3822 RAT 18271 04/12/2019 22/08/2011 Text Books
    Dewey Decimal Classification     B.Tech(ECE) PIET C-LIBRARY PIET C-LIBRARY 29/08/2011 The book company 295.00 IN-1245   621.3822 RAT 18272 04/12/2019 22/08/2011 Text Books
    Dewey Decimal Classification     B.Tech(ECE) PIET C-LIBRARY PIET C-LIBRARY 29/08/2011 The book company 295.00 IN-1245   621.3822 RAT 18273 04/12/2019 22/08/2011 Text Books
    Dewey Decimal Classification     B.Tech(ECE) PIET C-LIBRARY PIET C-LIBRARY 29/08/2011 The book company 295.00 IN-1245   621.3822 RAT 18274 04/12/2019 22/08/2011 Text Books

Design & Developed by: PIET Central Library
R70 Miles Stone Pattikalyana Samalkha Panipat 132102
mail ID :- [email protected], Phone No:- 0180-2569700 Ex.216